Trouve le pilote de F1 (lettre B) - Statistiques

Statistiques générales
  • Ce quiz a été pris 35 fois
  • Le résultat moyen est 7 sur 14
Statistiques - réponses
Par images Réponse % Correct
Jules Bianchi
96%
Valtteri Bottas
92%
Oliver Bearman
88%
Jenson Button
85%
Rubens Barrichello
81%
Gerhard Berger
46%
Jack Brabham
46%
Sébastien Bourdais
38%
Sébastien Buemi
38%
Thierry Boutsen
38%
Jean-Pierre Beltoise
27%
Martin Brundle
19%
Paul Belmondo
15%
Joakim Bonnier
4%
Aucun quiz correspondant
Distribution des résultats
% des personnes avec chaque résultat
Percentile par nombre de réponses
Votre historique - résultats
Vous n’avez pas pris ce quiz